Advanced history of India / (Record no. 136004)

MARC details
000 -LEADER
fixed length control field 00800nam a22002537a 4500
003 - CONTROL NUMBER IDENTIFIER
control field dpl
005 - DATE AND TIME OF LATEST TRANSACTION
control field 20180525135817.0
008 - FIXED-LENGTH DATA ELEMENTS--GENERAL INFORMATION
fixed length control field 180525b xxu||||| |||| 00| 0 eng d
010 ## - LIBRARY OF CONGRESS CONTROL NUMBER
LC control number A-828137, A-840247
020 ## - INTERNATIONAL STANDARD BOOK NUMBER
Terms of availability 395.00
International Standard Book Number 8120311256
035 ## - SYSTEM CONTROL NUMBER
System control number A-828137
037 ## - SOURCE OF ACQUISITION
Source of stock number/acquisition Cen Lib/Ret
040 ## - CATALOGING SOURCE
Original cataloging agency DPL
Language of cataloging EN
Transcribing agency 0
082 ## - DEWEY DECIMAL CLASSIFICATION NUMBER
Classification number 954
Item number CHO
100 ## - MAIN ENTRY--PERSONAL NAME
Personal name Chopra, P. N.
9 (RLIN) 8566
245 ## - TITLE STATEMENT
Title Advanced history of India /
Statement of responsibility, etc by P. N. Chopra...[et al.]
260 ## - PUBLICATION, DISTRIBUTION, ETC. (IMPRINT)
Place of publication, distribution, etc New Delhi
Name of publisher, distributor, etc Prentice-Hall of India
Date of publication, distribution, etc 1996
270 ## - ADDRESS
Address M-97, Connaught Circus
City New Delhi
Postal code 110001
300 ## - PHYSICAL DESCRIPTION
Extent iii,674p.
Dimensions 21cm(Hb)
500 ## - GENERAL NOTE
General note Includes bibliographical references and index
650 ## - SUBJECT ADDED ENTRY--TOPICAL TERM
Topical term or geographic name as entry element India -- History.
9 (RLIN) 24174
650 ## - SUBJECT ADDED ENTRY--TOPICAL TERM
Topical term or geographic name as entry element India -- Civilization.
9 (RLIN) 12282
942 ## - ADDED ENTRY ELEMENTS (KOHA)
Source of classification or shelving scheme Dewey Decimal Classification
Koha item type English Books
Classification part 954
Call number suffix CHO
Holdings
Withdrawn status Lost status Damaged status Not for loan Home library Current library Date acquired Source of acquisition Cost, normal purchase price Total Checkouts Full call number Barcode Date last seen Copy number Cost, replacement price Price effective from Koha item type Source of classification or shelving scheme Collection code Total Renewals Date checked out
        Central Library Central Library 12/10/2015 Cen Lib/Ret 395.00   954 CHO A-828137 12/10/2015 1 395.00 12/10/2015 English Books        
        Shahdara Branch Shahdara Branch 25/05/2018 BPPD/PUB 395.00 2 954 CHO A-840279 21/05/2026   395.00 25/05/2018 English Books Dewey Decimal Classification Non-fiction 1 07/05/2026

© Delhi Public Library
Hit Counter
free hit counter